Human physiology : An integrated approach

Đã lưu trong:
Sonraí Bibleagrafaíochta
Formáid: Leabhar
Teanga:Undetermined
Foilsithe: New York Pearson 2004
Ábhair:
Clibeanna: Cuir Clib Leis
Gan Chlibeanna, Bí ar an gcéad duine leis an taifead seo a chlibeáil!
Thư viện lưu trữ: Trung tâm Học liệu Trường Đại học Cần Thơ
LEADER 00477nam a2200181Ia 4500
001 CTU_213992
008 210402s9999 xx 000 0 und d
082 |a 612 
082 |b H918 
245 0 |a Human physiology : 
245 3 |b An integrated approach 
245 0 |c Dee Unglaub Silverthorn ... [et al.] 
260 |a New York 
260 |b Pearson 
260 |c 2004 
650 |a Human physiology 
904 |i Truc 
980 |a Trung tâm Học liệu Trường Đại học Cần Thơ